| 000 | 02221cas a2200613 a 4500 | ||
|---|---|---|---|
| 001 | 11157995 | ||
| 003 | dpl | ||
| 005 | 20140218122627.0 | ||
| 007 | t| | ||
| 008 | 751101c19619999ko qr p 0 a0eng | ||
| 010 | _a 65035396 | ||
| 015 |
_a011253320 _2dnb |
||
| 016 | 7 |
_a011253320 _2DE-101 |
|
| 016 | 7 |
_a214563-7 _2DE-600 |
|
| 022 | 0 |
_a0023-3900 _20 |
|
| 030 | _aKOJODS | ||
| 035 | _a(OCoLC)ocm01755247 | ||
| 040 |
_aDLC _beng _cMnMULS _dCtY _dNSDP _dNIC _dDLC _dNST _dOCoLC _dAIP _dOCoLC _dDLC _dNST _dMH _dNST _dMH _dInU _dMH _dOCoLC _dDLC _dDIBAM _dNLGGC _dCaQQL _dMCM _dOCoLC _dHEBIS _dGBVCP _dBLBSF _dCU-S _dOCoLC _dOCLCO _dOCoLC |
||
| 042 |
_ansdp _apcc |
||
| 043 | _aa-ko--- | ||
| 050 | 0 | 0 |
_aDS901 _b.K7 |
| 082 | 0 | 4 | _a951.9005 |
| 210 | 0 | _aKorea j. | |
| 222 | 0 | _aKorea journal | |
| 245 | 0 | 0 | _aKorea journal. |
| 260 |
_aSeoul : _bKorean National Commission for UNESCO, _c1961- |
||
| 300 |
_avolumes : _billustrations, portraits ; _c26 cm |
||
| 310 |
_aQuarterly, _b1991- |
||
| 321 |
_aMonthly, _b1961-90 |
||
| 362 | 0 | _aVol. 1 (Sept. 1961)- | |
| 510 | 0 |
_aChemical abstracts _x0009-2258 |
|
| 530 | _aAlso issued online. | ||
| 555 | _aIndex for Sept. 1961-Aug. 1981 (vol. 1, no. 9-vol. 21, no. 8) published separately. | ||
| 590 | _aSERBIB/SERLOC merged record | ||
| 650 | 1 | 4 | _aCoreia (República) |
| 650 | 1 | 7 |
_aGeografie. _2gtt |
| 650 | 1 | 7 |
_aSociaal-economische aspecten. _2gtt |
| 650 | 1 | 7 |
_aBinnenlandse politiek. _2gtt |
| 651 | 0 |
_aKorea _vPeriodicals. |
|
| 651 | 6 |
_aCorée _vPériodiques. |
|
| 651 | 7 |
_aCOREA _xPUBLICACIONES PERIODICAS. _2renib |
|
| 710 | 2 | _aYunesŭk'o Han'guk Wiwŏnhoe. | |
| 776 | 0 | 8 |
_iMicrofiche version: _tKorea journal _x0023-3900 _w(DLC)sn 94083009 _w(OCoLC)32235379 |
| 776 | 0 | 8 |
_iOnline version: _tKorea journal _w(OCoLC)613824113 |
| 906 |
_a7 _bcbc _cserials _d3 _encip _f19 _gn-oclcserc |
||
| 936 |
_aUnknown _aOct. 1976 (surrogate) |
||
| 942 |
_2ddc _cSR _h951.9005 _mKOR _s1 |
||
| 999 |
_c82605 _d82605 |
||